| 000 | 00574nam a2200181 4500 | ||
|---|---|---|---|
| 008 | 010108s1986 miu engYA | ||
| 020 | _a0802800076 | ||
| 090 |
_aML410.M9 _bB28 |
||
| 100 | 1 |
_aBarth, Karl, _d1886-1968. |
|
| 245 | 1 | 0 |
_aWolfgang Amadeus Mozart / _cKarl Barth, C. K. Pott |
| 260 |
_aMichigan : _bEerdmans, _cc1986. |
||
| 300 | _a60 p. | ||
| 500 | _aEnglish version of: Wolfgang Amadeus Mozart,1756/1956. | ||
| 600 | 1 | 4 | _aMozart, Wolfgang Amadeus, 1756-1791. |
| 651 | 4 |
_aComposers _zAustria _xAddresses,essays,lectures |
|
| 700 | 1 | _aPott, C.K. | |
| 999 |
_c813 _d813 |
||